000 00733nam a2200289Ia 4500
005 20260324112644.0
008 008 260324s9999 xx 000 0 eng d
020 _a9781003430018
037 _aEBOOK
040 _aCRL
040 _beng
040 _cCRL
041 _2eng
041 _aeng
084 _qCRL
100 _aKashif Naseer Qureshi; Thomas Newe
_91143603
245 0 _aArtificial Intelligence of Things (AIoT)
245 0 _bNew Standards, Technologies and Communication Systems
260 _bTaylor and Francis
260 _c2024
365 _a
365 _b225
856 _uhttp://www.taylorfrancis.com/books/9781003430018
942 _cEBOOK
999 _c1732891
_d1732891